La ciudad de Henoc: comentario 1933

Uloženo v:
Podrobná bibliografie
Hlavní autor: Unamuno, Miguel de
Médium: Kniha
Jazyk:Spanish
Vydáno: México, Distrito Federal Séneca 1941
Témata:
Tagy: Přidat tag
Žádné tagy, Buďte první, kdo vytvoří štítek k tomuto záznamu!

MARC

LEADER 00000nam a2200000Ia 4500
008 170316s9999 xx 000 0 spa d
040 |a cru BVZT 
090 |a 862 U-2c 
100 |a Unamuno, Miguel de 
245 |a La ciudad de Henoc: comentario 1933 
260 |a México, Distrito Federal 
260 |b Séneca 
260 |c 1941 
300 |a 168 páginas 
650 |a LITERATURA ESPAÑOLA 
942 |c 15 D 
999 |c 10475  |d 10475